Curs de restauració d'objectes metàl·lics /
Descripción Física:
[51] f. . il. ; 30 cm
MARC
| LEADER | 00000nam a2200000Ia 4500 | ||
|---|---|---|---|
| 001 | 5419 | ||
| 003 | BGR | ||
| 005 | 20260324175210.0 | ||
| 008 | 160829s1987] xx 000 0 cat d | ||
| 080 | |a C-1-48 | ||
| 100 | |a Jorba i Valls, M. Àngels |9 19852 | ||
| 245 | |a Curs de restauració d'objectes metàl·lics / |c M. Àngels Jorba i Valls | ||
| 260 | |a [Barcelona : |b Diputació. Escola d'Arts i Oficis, |c 1987] | ||
| 300 | |a [51] f. . il. ; |c 30 cm | ||
| 650 | |a Metalls |x Conservació i restauració |x Ensenyament |9 19853 | ||
| 710 | 2 | |a Escola d'Arts i Oficis (Barcelona, Catalunya) |9 55874 | |
| 901 | |a Arxiu | ||
| 942 | |n 1 |2 udc |c MON | ||
| 952 | |0 0 |1 0 |4 0 |6 C148 |7 1 |9 41347 |a Arxiu |b Arxiu |d 2016-12-01 |l 0 |o C-1-48 |p 5419 |r 2016-12-01 00:00:00 |w 2016-12-01 |y ARXIU | ||
| 999 | |c 43155 |d 43155 | ||